[Event "FBL S"]
[Site "Deutschland"]
[Date "2009.12.06"]
[Round "4.4"]
[White "Froehlich Dill, Astrid"]
[Black "Specht, Maria"]
[Result "1-0"]
[WhiteElo "1922"]
[BlackElo "1936"]
[PlyCount "125"]
[EventDate "2009.11.07"]
[EventType "team"]
[EventCountry "GER"]
[WhiteTeam "SV 1920 Hofheim"]
[BlackTeam "Schachges. Augsburg 1873"]

1. d4 d5 2. c4 e6 3. Nf3 c5 4. cxd5 exd5 5. dxc5 Bxc5 6. e3 Nc6 7. Bb5 Nge7 8.
O-O O-O 9. a3 Bg4 10. Qc2 Bb6 11. Bd3 Bxf3 12. gxf3 f5 13. f4 Qd6 14. Kh1 Rac8
15. Qe2 Rf6 16. Nd2 Rh6 17. Rg1 Rf8 18. Rg5 Nd8 19. Nf1 Ne6 20. Rh5 Rxh5 21.
Qxh5 d4 22. Qe2 dxe3 23. Bxe3 Bxe3 24. fxe3 Rc8 25. Rd1 Qc6+ 26. Kg1 g6 27. b3
Kg7 28. Bc4 Nc7 29. Qd2 b5 30. Qd4+ Kh6 31. Be2 Ncd5 32. Bf3 Rd8 33. Qxa7 Qc2
34. Qa5 Nxf4 35. Qxd8 Nh3+ 36. Kh1 Nf2+ 37. Kg1 Nh3+ 38. Kh1 Nf2+ 39. Kg2 Nxd1+
40. Qd2 Nxe3+ 41. Kf2 f4 42. Be2 Qxb3 43. Nxe3 fxe3+ 44. Qxe3+ Qxe3+ 45. Kxe3
b4 46. a4 Nd5+ 47. Kd2 Kg5 48. a5 Kh4 49. Bc4 Nc7 50. Bf1 g5 51. Kc2 g4 52. Kb3
g3 53. hxg3+ Kxg3 54. Kxb4 Kf4 55. Kc5 Ke5 56. Kc6 Nd5 57. Bg2 Nb4+ 58. Kb5 Nc2
59. a6 Nd4+ 60. Kb6 Nf5 61. a7 Ne3 62. a8=Q Nxg2 63. Qxg2 1-0

[Event "FBL S"]
[Site "Deutschland"]
[Date "2009.12.06"]
[Round "4.5"]
[White "Nentwig, Nicole"]
[Black "Storkebaum, Ulrike"]
[Result "1/2-1/2"]
[WhiteElo "1909"]
[BlackElo "1898"]
[PlyCount "114"]
[EventDate "2009.11.07"]
[EventType "team"]
[EventCountry "GER"]
[WhiteTeam "Schachges. Augsburg 1873"]
[BlackTeam "SV 1920 Hofheim"]

1. e4 e5 2. Nf3 Nc6 3. Bc4 Nf6 4. d3 Bc5 5. Bg5 d6 6. Nc3 Na5 7. Nd5 Nxc4 8.
dxc4 c6 9. Nxf6+ gxf6 10. Bh4 Be6 11. Qd3 Rg8 12. O-O-O Qa5 13. a3 Qa6 14. Nd2
O-O-O 15. Bxf6 Rd7 16. Nb3 Bxf2 17. c5 Qxd3 18. Rxd3 d5 19. exd5 Bxd5 20. Bxe5
Rxg2 21. Rhd1 Bh4 22. Kb1 Be6 23. Bd6 Rd8 24. a4 Rdg8 25. a5 Bf5 26. R3d2 a6
27. Nd4 Be4 28. Ka2 f5 29. c4 Rxd2 30. Rxd2 Be1 31. Re2 Bxa5 32. Ka3 Bd8 33. b3
Kd7 34. Rf2 Rg5 35. Bg3 Be7 36. Kb4 a5+ 37. Kxa5 Bxc5 38. Be5 b6+ 39. Ka4 Rg8
40. b4 Ra8+ 41. Kb3 Bxd4 42. Bxd4 b5 43. Be5 Ke6 44. Bd4 bxc4+ 45. Kxc4 Ra3 46.
Kc5 h5 47. Rf4 Ra2 48. Bf2 Rc2+ 49. Kd4 Rd2+ 50. Kc3 Rd3+ 51. Kc4 Rd1 52. Bg3
Bd3+ 53. Kc3 Be2 54. Rd4 Rxd4 55. Kxd4 Kf6 56. h4 Ke6 57. Bf4 Bf3 1/2-1/2

[Event "FBL S"]
[Site "Deutschland"]
[Date "2009.12.06"]
[Round "4.2"]
[White "Mueller, Claudia"]
[Black "Frey, Alisa"]
[Result "1-0"]
[WhiteElo "2019"]
[BlackElo "2038"]
[PlyCount "79"]
[EventDate "2009.11.07"]
[EventType "team"]
[EventCountry "GER"]
[WhiteTeam "TSG Mutterstadt"]
[BlackTeam "TSV Schott Mainz"]

1. e4 c5 2. f4 Nc6 3. Nf3 g6 4. Nc3 Bg7 5. Bb5 Nd4 6. Bc4 e6 7. e5 d5 8. Nxd4
cxd4 9. Bb5+ Bd7 10. Bxd7+ Qxd7 11. Ne2 g5 12. Nxd4 gxf4 13. Nf3 Ne7 14. d4 Ng6
15. O-O h5 16. Ng5 Qe7 17. Nh3 Rc8 18. c3 b5 19. Bxf4 Nxf4 20. Nxf4 h4 21. Nh5
Qg5 22. Nxg7+ Qxg7 23. Qe2 Rb8 24. Rf4 h3 25. g3 Rh6 26. Raf1 Rb7 27. a4 a6 28.
axb5 axb5 29. b4 Rg6 30. Qa2 Rd7 31. Qa8+ Rd8 32. Qc6+ Rd7 33. Qxd7+ Kxd7 34.
Rxf7+ Ke8 35. Rxg7 Rxg7 36. Rf6 Rc7 37. Rxe6+ Kf7 38. Rf6+ Ke7 39. Rf3 Ra7 40.
g4 1-0

[Event "FBL S"]
[Site "Deutschland"]
[Date "2009.12.06"]
[Round "4.3"]
[White "Remy, Janina"]
[Black "Vollstaedt Klein, Sabine"]
[Result "1/2-1/2"]
[WhiteElo "1989"]
[BlackElo "1904"]
[PlyCount "91"]
[EventDate "2009.11.07"]
[EventType "team"]
[EventCountry "GER"]
[WhiteTeam "TSV Schott Mainz"]
[BlackTeam "TSG Mutterstadt"]

1. e4 e5 2. Nf3 Nc6 3. d4 exd4 4. Nxd4 Nge7 5. Nc3 Nxd4 6. Qxd4 Nc6 7. Qe3 d6
8. Bd2 Be6 9. Bd3 Nb4 10. a3 Nxd3+ 11. Qxd3 a6 12. O-O-O Be7 13. Rdg1 Qd7 14.
f4 f6 15. Nd5 O-O-O 16. Qd4 Kb8 17. Re1 Rc8 18. Re3 Bd8 19. Rhe1 c5 20. Qd3 Re8
21. Bc3 Qc6 22. Rd1 Bg4 23. Rde1 Be6 24. f5 Bg8 25. Rd1 Qb5 26. Qxb5 axb5 27.
Rde1 b6 28. Rg3 Bxd5 29. exd5 Rxe1+ 30. Bxe1 Rc7 31. Re3 Re7 32. Re6 Rd7 33. g4
Bc7 34. Bg3 Kc8 35. Kd2 Rd8 36. h4 h6 37. Bf4 Kd7 38. g5 fxg5 39. hxg5 Rf8 40.
f6 hxg5 41. Bxg5 gxf6 42. Bxf6 Rf7 43. Kd3 Rh7 44. Re2 Rf7 45. Re6 Rh7 46. Re2
1/2-1/2

[Event "FBL S"]
[Site "Deutschland"]
[Date "2010.01.17"]
[Round "5.2"]
[White "Lopatin, Olga"]
[Black "Dengler, Dijana"]
[Result "1-0"]
[WhiteElo "2136"]
[BlackElo "2091"]
[PlyCount "87"]
[EventDate "2009.11.07"]
[EventType "team"]
[EventCountry "GER"]
[WhiteTeam "Schachges. Augsburg 1873"]
[BlackTeam "FC Bayern München"]

1. Nf3 Nf6 2. c4 c6 3. Nc3 d5 4. e3 a6 5. a4 e6 6. b3 Bd6 7. Be2 O-O 8. d4 Nbd7
9. Qc2 Re8 10. O-O b6 11. e4 dxe4 12. Nxe4 Nxe4 13. Qxe4 Nf6 14. Qxc6 Rb8 15.
c5 bxc5 16. dxc5 Bc7 17. a5 Rxb3 18. Qa4 Rb8 19. Bg5 Qe7 20. Nd4 Bd7 21. Qc2 e5
22. c6 Bc8 23. Nb3 Qe6 24. Bc4 Qg4 25. Bxf6 gxf6 26. Nc5 Ra8 27. Ne4 Qg6 28.
Ra3 Kf8 29. Rg3 Qh6 30. Qa2 Be6 31. Qa3+ Re7 32. Bxe6 fxe6 33. Rg8+ Kxg8 34.
Qxe7 Bxa5 35. c7 Kh8 36. Qc5 Bxc7 37. Qxc7 Qg6 38. Nc5 Rg8 39. g3 h5 40. Re1 h4
41. Nxe6 Qf5 42. Qc6 a5 43. Re4 Qh5 44. Qa4 1-0

[Event "FBL S"]
[Site "Deutschland"]
[Date "2010.01.17"]
[Round "5.3"]
[White "Dirmeier, Carolin"]
[Black "Horvath, Maria"]
[Result "1/2-1/2"]
[WhiteElo "2030"]
[BlackElo "2001"]
[PlyCount "67"]
[EventDate "2009.11.07"]
[EventType "team"]
[EventCountry "GER"]
[WhiteTeam "FC Bayern München"]
[BlackTeam "Schachges. Augsburg 1873"]

1. e4 e6 2. d4 d5 3. exd5 exd5 4. Nf3 Nf6 5. Bg5 Be7 6. c4 O-O 7. c5 Ne4 8.
Bxe7 Qxe7 9. Be2 Re8 10. O-O Nxc5 11. Nc3 Ne6 12. Nxd5 Qd6 13. Ne3 Nf4 14. Bc4
Be6 15. d5 Bc8 16. Re1 Rd8 17. Qd4 Ng6 18. Rad1 Na6 19. Bb5 Qb6 20. Qxb6 axb6
21. Rd4 Bd7 22. Bxd7 Rxd7 23. Red1 Rad8 24. Nc4 b5 25. Na3 b4 26. Nc4 h6 27. h3
b5 28. Nce5 Nxe5 29. Nxe5 Rd6 30. Nc6 R8d7 31. Kf1 f6 32. Ke2 Kh7 33. Ke3 Kh8
34. Ke2 1/2-1/2

[Event "FBL S"]
[Site "Deutschland"]
[Date "2010.01.17"]
[Round "5.4"]
[White "Woniak, Katarzyna"]
[Black "Spiel, Marianne"]
[Result "1/2-1/2"]
[WhiteElo "2005"]
[BlackElo "2035"]
[PlyCount "29"]
[EventDate "2009.11.07"]
[EventType "team"]
[EventCountry "GER"]
[WhiteTeam "Schachges. Augsburg 1873"]
[BlackTeam "FC Bayern München"]

1. c4 e6 2. Nc3 Nf6 3. Nf3 d5 4. cxd5 exd5 5. d4 c6 6. Bf4 Bf5 7. e3 Nbd7 8.
Bd3 Bg6 9. O-O Be7 10. h3 O-O 11. Ne5 Nxe5 12. Bxe5 Bd6 13. Bxd6 Qxd6 14. Ne2
Rfe8 15. Nf4 1/2-1/2

[Event "FBL S"]
[Site "Deutschland"]
[Date "2010.01.17"]
[Round "5.5"]
[White "Roos, Karin"]
[Black "Baumstark, Gertrude"]
[Result "0-1"]
[WhiteElo "1864"]
[BlackElo "2036"]
[PlyCount "78"]
[EventDate "2009.11.07"]
[EventType "team"]
[EventCountry "GER"]
[WhiteTeam "FC Bayern München"]
[BlackTeam "Schachges. Augsburg 1873"]

1. e4 c5 2. Nf3 Nc6 3. c3 Nf6 4. e5 Nd5 5. d4 cxd4 6. cxd4 d6 7. Be2 g6 8. Nc3
Nxc3 9. bxc3 dxe5 10. d5 e4 11. Ng5 Ne5 12. Nxe4 Bg7 13. Be3 O-O 14. O-O h5 15.
h3 Bf5 16. Ng3 Qc8 17. Bd4 Rd8 18. Qb3 Bd3 19. Bxd3 Nxd3 20. Bxg7 Kxg7 21. Rad1
Nf4 22. Qb4 Nxd5 23. Qd4+ Nf6 24. Qb4 Qc7 25. Rb1 b6 26. Rfe1 e5 27. Qb2 Rd3
28. Rbc1 Rad8 29. c4 R8d4 30. Qb5 h4 31. Ne2 Re4 32. Kf1 Qd6 33. Qa6 Nd7 34.
Qxa7 Nc5 35. a3 Rd2 36. Qa8 Qd3 37. Qc8 Rexe2 38. Rxe2 Qxe2+ 39. Kg1 Qxf2+ 0-1

[Event "FBL S"]
[Site "Deutschland"]
[Date "2010.01.17"]
[Round "5.1"]
[White "Auburger, Kirstin"]
[Black "Manakov, Marina"]
[Result "0-1"]
[WhiteElo "1885"]
[BlackElo "2330"]
[PlyCount "40"]
[EventDate "2009.11.07"]
[EventType "team"]
[EventCountry "GER"]
[WhiteTeam "TSG Mutterstadt"]
[BlackTeam "SF Deizisau"]

1. d4 d5 2. c4 c6 3. Nf3 Nf6 4. Nc3 a6 5. e3 g6 6. Bd3 Bg7 7. O-O O-O 8. e4
dxe4 9. Nxe4 Bg4 10. Ned2 c5 11. Qb3 cxd4 12. Qxb7 Nbd7 13. Ne4 Nxe4 14. Bxe4
Rc8 15. h3 Be6 16. Bd5 Nc5 17. Qa7 Bxd5 18. cxd5 Qd6 19. b4 Na4 20. Bd2 Rc7 0-1

[Event "FBL S"]
[Site "Deutschland"]
[Date "2010.01.17"]
[Round "5.3"]
[White "Vollstaedt Klein, Sabine"]
[Black "Meier, Annemarie Sylvia"]
[Result "0-1"]
[WhiteElo "1904"]
[BlackElo "2259"]
[PlyCount "92"]
[EventDate "2009.11.07"]
[EventType "team"]
[EventCountry "GER"]
[WhiteTeam "TSG Mutterstadt"]
[BlackTeam "SF Deizisau"]

1. e4 c5 2. Nc3 a6 3. g3 b5 4. Bg2 Bb7 5. d3 e6 6. f4 d5 7. exd5 Nf6 8. Nf3
Nxd5 9. Nxd5 Bxd5 10. O-O Be7 11. Be3 O-O 12. d4 c4 13. c3 a5 14. a3 Nd7 15.
Qc2 Nb6 16. Ne5 Qc7 17. Be4 g6 18. Bxd5 Nxd5 19. Bd2 Bd6 20. Rae1 Rfe8 21. h4
f6 22. Ng4 Re7 23. Re2 Rae8 24. Rfe1 Kg7 25. Ne3 Qd7 26. h5 f5 27. Rh2 Nf6 28.
hxg6 hxg6 29. Ree2 Qc6 30. Reg2 Rf7 31. Be1 Rff8 32. Rh3 Rh8 33. Rgh2 Qf3 34.
Qf2 Qe4 35. Rxh8 Rxh8 36. Rxh8 Kxh8 37. Qh2+ Kg7 38. Nc2 Nd5 39. Qg2 Qd3 40.
Qd2 Qf3 41. Qf2 Qd3 42. Qd2 g5 43. fxg5 Bxg3 44. Qg2 Nf4 45. Qf1 Bh2+ 46. Kf2
Qg3# 0-1

[Event "FBL S"]
[Site "Deutschland"]
[Date "2010.01.17"]
[Round "5.1"]
[White "Czech, Daiva"]
[Black "Endress, Anna"]
[Result "0-1"]
[WhiteElo "2130"]
[BlackElo "2090"]
[PlyCount "96"]
[EventDate "2009.11.07"]
[EventType "team"]
[EventCountry "GER"]
[WhiteTeam "SF Wadgassen/Differten"]
[BlackTeam "TSV Schott Mainz"]

1. e4 c5 2. Nf3 Nc6 3. d4 cxd4 4. Nxd4 Qb6 5. Nb3 Nf6 6. Nc3 e6 7. Be3 Qc7 8.
a3 a6 9. Be2 b5 10. f4 d6 11. O-O Bb7 12. Bf3 Be7 13. Qe2 O-O 14. Rad1 Rfd8 15.
Qf2 Nd7 16. Nd4 Nxd4 17. Bxd4 Bf6 18. Kh1 Bxd4 19. Qxd4 Nb6 20. f5 e5 21. Qd2
Nc4 22. Qc1 f6 23. Rd3 Qc5 24. Rfd1 a5 25. Nd5 Bxd5 26. Rxd5 Qb6 27. Be2 a4 28.
b3 axb3 29. cxb3 Nxa3 30. Qd2 Rac8 31. Qb4 Nc2 32. Qxb5 Qxb5 33. Rxb5 Ne3 34.
Re1 d5 35. exd5 Nc2 36. Rd1 Nd4 37. Rxd4 exd4 38. Kg1 Rc1+ 39. Kf2 Rc2 40. Kf3
Rc3+ 41. Kf2 Rc2 42. Kf1 Ra8 43. d6 d3 44. Bd1 Rd2 45. Ke1 Rxg2 46. Rd5 Raa2
47. Kf1 Rxh2 48. Kg1 Rhd2 0-1

[Event "FBL S"]
[Site "Deutschland"]
[Date "2010.01.17"]
[Round "5.2"]
[White "Frey, Alisa"]
[Black "Dietzen, Corinna"]
[Result "0-1"]
[WhiteElo "2038"]
[BlackElo "1980"]
[PlyCount "56"]
[EventDate "2009.11.07"]
[EventType "team"]
[EventCountry "GER"]
[WhiteTeam "TSV Schott Mainz"]
[BlackTeam "SF Wadgassen/Differten"]

1. e4 d6 2. d4 Nf6 3. Nc3 Nbd7 4. Nf3 e5 5. Bc4 Be7 6. O-O O-O 7. h3 c6 8. a4
Qc7 9. Be3 Re8 10. b3 Nf8 11. d5 Ng6 12. Qd2 Nh5 13. Rad1 Nhf4 14. Kh2 Rd8 15.
Ng1 Bd7 16. Nge2 Bf6 17. dxc6 bxc6 18. Qxd6 Qc8 19. Nxf4 exf4 20. Bd2 Bxh3 21.
Qb4 Bxg2 22. Bxf7+ Kxf7 23. Qc4+ Kf8 24. Qc5+ Kg8 25. Kxg2 Qg4+ 26. Kh2 Nh4 27.
Rg1 Nf3+ 28. Kh1 Qh3# 0-1

[Event "FBL S"]
[Site "Deutschland"]
[Date "2010.01.17"]
[Round "5.3"]
[White "Mueller, Elke"]
[Black "Sautter, Elke"]
[Result "1/2-1/2"]
[WhiteElo "1992"]
[BlackElo "2003"]
[PlyCount "94"]
[EventDate "2009.11.07"]
[EventType "team"]
[EventCountry "GER"]
[WhiteTeam "SF Wadgassen/Differten"]
[BlackTeam "TSV Schott Mainz"]

1. e4 c5 2. Nf3 e6 3. d4 cxd4 4. Nxd4 a6 5. Nc3 Qc7 6. a3 d6 7. Be2 Be7 8. O-O
Nf6 9. Be3 e5 10. Nb3 b5 11. Bg5 Nbd7 12. Be3 Bb7 13. Bf3 O-O 14. Qe2 Rfe8 15.
Rfd1 Rad8 16. Bg5 h6 17. Bxf6 Nxf6 18. Rac1 Bc8 19. Nd5 Nxd5 20. exd5 Bg5 21.
Rb1 Bd7 22. g3 f5 23. h4 Bf6 24. Bh5 Rf8 25. c3 Kh7 26. Qc2 g6 27. Be2 Rde8 28.
h5 Bg5 29. Kg2 Kg7 30. hxg6 Qc8 31. f3 Kxg6 32. Rh1 Kg7 33. Rh5 Re7 34. Rg1 Be8
35. Rh3 Bg6 36. Qd1 Qb7 37. Na5 Qb6 38. Nc6 Rc7 39. Rf1 Be8 40. f4 Bf6 41. fxe5
dxe5 42. Nb4 Bg5 43. Bf3 Qd6 44. Kh2 Bd7 45. Rh5 Be8 46. Rh3 Bd7 47. Rh5 Be8
1/2-1/2

[Event "FBL S"]
[Site "Deutschland"]
[Date "2010.01.17"]
[Round "5.4"]
[White "Krasnopeyeva, Julia"]
[Black "Henschel, Anke"]
[Result "1-0"]
[WhiteElo "1934"]
[BlackElo "1991"]
[PlyCount "73"]
[EventDate "2009.11.07"]
[EventType "team"]
[EventCountry "GER"]
[WhiteTeam "TSV Schott Mainz"]
[BlackTeam "SF Wadgassen/Differten"]

1. e4 d5 2. exd5 Qxd5 3. Nc3 Qd6 4. d4 Nf6 5. Nf3 Bg4 6. Be3 e6 7. Be2 a6 8. h3
Bh5 9. Qd2 Nc6 10. O-O-O O-O-O 11. g4 Bg6 12. Nh4 Nd5 13. Nxg6 hxg6 14. Ne4 Qd7
15. c4 Nb6 16. f4 Bb4 17. Qc2 Na5 18. d5 exd5 19. Bxb6 cxb6 20. Rxd5 Qc7 21.
Rxd8+ Rxd8 22. Rf1 Rd4 23. a3 Bd2+ 24. Nxd2 Qe7 25. Qc3 Rd6 26. Bf3 Qd7 27. Bd5
Kb8 28. Ne4 Rxd5 29. cxd5 Qb5 30. Re1 Ka7 31. Nd6 Qxd5 32. Nc8+ Kb8 33. Nxb6
Nb3+ 34. Kb1 Nd2+ 35. Kc2 Qb5 36. Qe5+ Ka7 37. Qxb5 1-0

[Event "FBL S"]
[Site "Deutschland"]
[Date "2010.01.17"]
[Round "5.5"]
[White "Ley, Janine"]
[Black "Voss, Chantal"]
[Result "0-1"]
[WhiteElo "1681"]
[BlackElo "1868"]
[PlyCount "70"]
[EventDate "2009.11.07"]
[EventType "team"]
[EventCountry "GER"]
[WhiteTeam "SF Wadgassen/Differten"]
[BlackTeam "TSV Schott Mainz"]

1. c4 e6 2. d4 d5 3. e3 Nf6 4. Nc3 c6 5. Bd3 dxc4 6. Bxc4 b5 7. Bd3 Bb7 8. Nge2
a6 9. O-O Nbd7 10. b3 c5 11. Bb2 Be7 12. Rc1 O-O 13. Bc2 Rc8 14. Ng3 cxd4 15.
Qxd4 Qb6 16. Qh4 Rfe8 17. Qh3 Nc5 18. Nce2 h6 19. Nh5 Nce4 20. Nef4 e5 21. Bxe5
Ba3 22. Bd4 Qd6 23. Rcd1 Rxc2 24. Bxf6 Rd2 25. Rxd2 Qxd2 26. Qg4 g5 27. Bxg5
hxg5 28. h4 Bc8 29. Qf3 gxf4 30. exf4 Qd6 31. Re1 f5 32. Rd1 Qg6 33. Rd3 Bc5
34. Ng3 Bxf2+ 35. Kf1 Bxg3 0-1

[Event "FBL S"]
[Site "Deutschland"]
[Date "2010.01.17"]
[Round "5.1"]
[White "Kierzek, Mira"]
[Black "Fuchs, Antje"]
[Result "1/2-1/2"]
[WhiteElo "2043"]
[BlackElo "2141"]
[PlyCount "118"]
[EventDate "2009.11.07"]
[EventType "team"]
[EventCountry "GER"]
[WhiteTeam "SV 1920 Hofheim"]
[BlackTeam "TSV Zeulenroda"]

1. d4 Nf6 2. c4 g6 3. Nc3 Bg7 4. e4 d6 5. f3 O-O 6. Be3 c5 7. Nge2 cxd4 8. Nxd4
Nc6 9. Nxc6 bxc6 10. Be2 Be6 11. O-O Qa5 12. a3 Rfd8 13. b4 Qc7 14. Rc1 Qb7 15.
Qa4 d5 16. cxd5 cxd5 17. Ba6 Qb8 18. exd5 Nxd5 19. Nxd5 Bxd5 20. Rfd1 Qe5 21.
Bf2 e6 22. Qa5 Qf4 23. Qc5 Bb2 24. Be3 Qh4 25. Bf2 Qh5 26. Rb1 Be5 27. Bg3 Bxg3
28. hxg3 Bxf3 29. Rxd8+ Rxd8 30. gxf3 Qxf3 31. Qf2 Qxa3 32. Be2 Rd2 33. b5 Qa2
34. Re1 h5 35. Kf1 Kg7 36. Qe3 Qd5 37. Bf3 Qxb5+ 38. Be2 Qa5 39. Rc1 Rd5 40.
Re1 Qc7 41. Rc1 Rf5+ 42. Kg2 Qb7+ 43. Kg1 Qb6 44. Qxb6 axb6 45. Rb1 Kf6 46.
Rxb6 Kg5 47. Rb4 Rc5 48. Kf2 e5 49. Bc4 f5 50. Kf3 Rc6 51. Kf2 Kf6 52. Be2 Rc2
53. Ke3 Rc3+ 54. Kf2 Kg5 55. Ra4 Rc6 56. Ke3 f4+ 57. gxf4+ exf4+ 58. Rxf4 Re6+
59. Re4 Rxe4+ 1/2-1/2

[Event "FBL S"]
[Site "Deutschland"]
[Date "2010.01.17"]
[Round "5.2"]
[White "Mucha, Annegret"]
[Black "Heymann Lobzhanidze, Anna Luise"]
[Result "1-0"]
[WhiteElo "2012"]
[BlackElo "2085"]
[PlyCount "57"]
[EventDate "2009.11.07"]
[EventType "team"]
[EventCountry "GER"]
[WhiteTeam "TSV Zeulenroda"]
[BlackTeam "SV 1920 Hofheim"]

1. e4 e5 2. Nf3 Nc6 3. Bc4 Nf6 4. d3 Bc5 5. O-O d6 6. c3 a6 7. Bg5 h6 8. Bh4 g5
9. Bg3 Be6 10. Bxe6 fxe6 11. d4 Bb6 12. dxe5 Nxe4 13. exd6 Nxg3 14. hxg3 cxd6
15. Na3 d5 16. Qd3 Qf6 17. Nc2 O-O-O 18. Ncd4 Nxd4 19. cxd4 Rhf8 20. Ne5 Qf5
21. Qd2 h5 22. Qb4 Bc7 23. Rac1 Qh7 24. Qb6 Rf5 25. Qa7 Rxe5 26. dxe5 h4 27.
Qa8+ Kd7 28. Rxc7+ Kxc7 29. Rc1+ 1-0

[Event "FBL S"]
[Site "Deutschland"]
[Date "2010.01.17"]
[Round "5.3"]
[White "Zahn, Nicol"]
[Black "Lange, Corinna"]
[Result "1/2-1/2"]
[WhiteElo "1960"]
[BlackElo "2033"]
[PlyCount "100"]
[EventDate "2009.11.07"]
[EventType "team"]
[EventCountry "GER"]
[WhiteTeam "SV 1920 Hofheim"]
[BlackTeam "TSV Zeulenroda"]

1. e4 e6 2. d3 c5 3. Nf3 Nc6 4. g3 g6 5. Bg2 Bg7 6. O-O Nge7 7. c3 O-O 8. Be3
d6 9. Qd2 Qa5 10. Bh6 b5 11. Bxg7 Kxg7 12. Na3 Ba6 13. Nc2 Rab8 14. Rfe1 Rfd8
15. h4 d5 16. e5 d4 17. h5 dxc3 18. bxc3 Nd5 19. h6+ Kg8 20. Ng5 Nce7 21. Bxd5
Nxd5 22. Qe2 Qc7 23. c4 bxc4 24. dxc4 Nb6 25. Qf3 Qe7 26. Ne3 Qxg5 27. Ng4 Qf5
28. Nf6+ Kh8 29. Qa3 Nxc4 30. Qxa6 Nxe5 31. Ne4 Nf3+ 32. Kg2 Nxe1+ 33. Rxe1 Rb4
34. Nc3 Rb2 35. Rf1 Rc2 36. Nb5 Qd5+ 37. Kg1 Rxa2 38. Na3 Qb3 39. Qa5 Rf8 40.
Qxc5 Qb8 41. Rb1 Qe8 42. Rb7 Qc8 43. Rc7 Qa8 44. Qc3+ f6 45. Nc2 Qd5 46. Rf7
Qd1+ 47. Kg2 Qd5+ 48. Kg1 Qd1+ 49. Kg2 Qd5+ 50. Kg1 Qd1+ 1/2-1/2

[Event "FBL S"]
[Site "Deutschland"]
[Date "2010.01.17"]
[Round "5.4"]
[White "Skibbe, Diana"]
[Black "Froehlich Dill, Astrid"]
[Result "1-0"]
[WhiteElo "2083"]
[BlackElo "1922"]
[PlyCount "127"]
[EventDate "2009.11.07"]
[EventType "team"]
[EventCountry "GER"]
[WhiteTeam "TSV Zeulenroda"]
[BlackTeam "SV 1920 Hofheim"]

1. e4 c5 2. Nf3 Nc6 3. d4 cxd4 4. Nxd4 e6 5. g3 Qb6 6. Nb3 Nf6 7. Bg2 Be7 8.
O-O O-O 9. Nc3 Rd8 10. Be3 Qa6 11. Re1 b6 12. e5 Ne8 13. a4 d5 14. exd6 Rxd6
15. Qxd6 Nxd6 16. Bxc6 Rb8 17. Nb5 e5 18. f4 Be6 19. fxe5 Nf5 20. Bf2 Qc8 21.
Be4 a6 22. N5d4 Nxd4 23. Nxd4 Qc7 24. Nc6 Re8 25. a5 Bc5 26. b4 Bxf2+ 27. Kxf2
Bd7 28. Nd4 g6 29. Nf3 b5 30. Re3 Bc6 31. Bxc6 Qxc6 32. c3 Qd5 33. Rae1 Rc8 34.
R1e2 Qb3 35. Nd4 Qb1 36. Kg2 Qc1 37. Nb3 Qd1 38. Nc5 Qd5+ 39. Kg1 Rc6 40. Kf2
h5 41. Rd3 Qc4 42. Rf3 Qd5 43. Rd3 Qh1 44. Ke3 Qc1+ 45. Kd4 Qf1 46. Ree3 Rc8
47. Ne4 Rc4+ 48. Kd5 Qf5 49. Nc5 f6 50. Kd6 fxe5 51. Rxe5 Qf6+ 52. Re6 Qd8+ 53.
Nd7 Qc7+ 54. Ke7 Kg7 55. Rdd6 Rg4 56. Rc6 Qa7 57. Rxa6 Qf2 58. Kd8 Qd2 59. Rad6
Qxc3 60. Re7+ Kh6 61. Nf8 Qc4 62. Rh7+ Kg5 63. Rxg6+ Kf5 64. Rxh5+ 1-0

[Event "FBL S"]
[Site "Deutschland"]
[Date "2010.01.17"]
[Round "5.5"]
[White "Storkebaum, Ulrike"]
[Black "Espig, Gesine"]
[Result "0-1"]
[WhiteElo "1898"]
[BlackElo "2036"]
[PlyCount "74"]
[EventDate "2009.11.07"]
[EventType "team"]
[EventCountry "GER"]
[WhiteTeam "SV 1920 Hofheim"]
[BlackTeam "TSV Zeulenroda"]

1. e4 c5 2. Nf3 Nc6 3. d4 cxd4 4. Nxd4 g6 5. Be3 Bg7 6. Nc3 d6 7. Bc4 Nf6 8.
Qd2 Ng4 9. Nxc6 bxc6 10. Bd4 e5 11. Be3 Nxe3 12. Qxe3 Qb6 13. Qxb6 axb6 14. Rd1
Ke7 15. O-O f5 16. Bb3 Rd8 17. Rfe1 Be6 18. Bxe6 Kxe6 19. Rd3 Rd7 20. a4 d5 21.
exd5+ cxd5 22. b3 Rc8 23. Re2 d4 24. Nb5 e4 25. Na3 Kd5 26. Rd1 Rdc7 27. c4+
Kc5 28. Nb5 Rd7 29. f3 d3 30. Ree1 Re8 31. fxe4 fxe4 32. Kf2 Kb4 33. Rb1 Bh6
34. Rb2 e3+ 35. Kg3 d2 36. Rxd2 exd2 37. Rxe8 d1=Q 0-1

[Event "FBL S"]
[Site "Deutschland"]
[Date "2010.03.13"]
[Round "6.1"]
[White "Ankerst, Milka"]
[Black "Auburger, Kirstin"]
[Result "1-0"]
[WhiteElo "2134"]
[BlackElo "1885"]
[PlyCount "151"]
[EventDate "2009.11.07"]
[EventType "team"]
[EventCountry "GER"]
[WhiteTeam "FC Bayern München"]
[BlackTeam "TSG Mutterstadt"]

1. e4 e5 2. Nf3 Nf6 3. Nc3 d6 4. d4 exd4 5. Nxd4 Be7 6. Bd3 O-O 7. O-O Nbd7 8.
Re1 Nc5 9. Bf1 Re8 10. g3 c6 11. Bg2 Qb6 12. b3 Bg4 13. Qd2 Rad8 14. h3 Bh5 15.
Nf5 Bf8 16. Qg5 Bg6 17. Bb2 Ne6 18. Qd2 Nc5 19. g4 Qb4 20. a3 Qb6 21. Rad1 Qc7
22. Qf4 Ne6 23. Qg3 Rd7 24. Rd3 Red8 25. Nd1 Ne8 26. h4 f6 27. Nde3 Qa5 28.
Red1 b5 29. e5 d5 30. b4 Qa4 31. h5 Bf7 32. Nd4 Nxd4 33. Bxd4 fxe5 34. Qxe5 Nd6
35. Qg5 h6 36. Qf4 Be7 37. Rc3 Qa6 38. Nf5 Nxf5 39. Qxf5 Rd6 40. Re3 Bf6 41.
Bf1 Bxd4 42. Rxd4 Rf6 43. Qe5 Qc8 44. Bd3 Re8 45. Qg3 Rxe3 46. Qxe3 Qe6 47. Qg3
Qd6 48. Qxd6 Rxd6 49. Rf4 g6 50. hxg6 Bxg6 51. f3 Bxd3 52. cxd3 Kg7 53. Kf2 Re6
54. Rf5 Re8 55. d4 Ra8 56. Re5 Kf6 57. Re3 Rc8 58. f4 Rc7 59. Kg3 a5 60. bxa5
Ra7 61. Rc3 Rxa5 62. Rxc6+ Kg7 63. Rc7+ Kg8 64. Rc3 Ra4 65. Rd3 b4 66. axb4
Rxb4 67. Kh4 Kg7 68. f5 Kf6 69. Re3 Rxd4 70. Re6+ Kg7 71. Rg6+ Kh7 72. Kh5 Rd1
73. Rxh6+ Kg8 74. Rd6 d4 75. Kg6 Kf8 76. f6 1-0

[Event "FBL S"]
[Site "Deutschland"]
[Date "2010.03.13"]
[Round "6.1"]
[White "Lopatin, Olga"]
[Black "Manakov, Marina"]
[Result "1/2-1/2"]
[WhiteElo "2136"]
[BlackElo "2330"]
[PlyCount "34"]
[EventDate "2009.11.07"]
[EventType "team"]
[EventCountry "GER"]
[WhiteTeam "Schachges. Augsburg 1873"]
[BlackTeam "SF Deizisau"]

1. Nf3 d5 2. b3 Nf6 3. Bb2 Bg4 4. g3 e6 5. Bg2 c5 6. O-O Nc6 7. d4 Rc8 8. Nbd2
cxd4 9. Nxd4 Bc5 10. Nxc6 bxc6 11. Nf3 O-O 12. Ne5 Bf5 13. e3 Nd7 14. Qd2 Nxe5
15. Bxe5 f6 16. Bc3 e5 17. b4 Bb6 1/2-1/2

[Event "FBL S"]
[Site "Deutschland"]
[Date "2010.03.13"]
[Round "6.3"]
[White "Woniak, Katarzyna"]
[Black "Meier, Annemarie Sylvia"]
[Result "1/2-1/2"]
[WhiteElo "2005"]
[BlackElo "2259"]
[PlyCount "77"]
[EventDate "2009.11.07"]
[EventType "team"]
[EventCountry "GER"]
[WhiteTeam "Schachges. Augsburg 1873"]
[BlackTeam "SF Deizisau"]

1. d4 Nf6 2. c4 e6 3. Nf3 b6 4. Nc3 Bb4 5. Bg5 Bb7 6. e3 h6 7. Bxf6 Bxc3+ 8.
bxc3 Qxf6 9. Bd3 O-O 10. O-O Qe7 11. e4 d6 12. e5 Nd7 13. exd6 cxd6 14. a4 a5
15. Re1 Qd8 16. Rb1 Qc7 17. Nd2 Rae8 18. Qg4 Bc6 19. Bc2 Kh8 20. Re3 g6 21.
Rbe1 Kg7 22. Qg3 Nf6 23. c5 bxc5 24. dxc5 Nh5 25. Qxd6 Qxd6 26. cxd6 Rd8 27.
Nc4 Nf4 28. f3 Bd5 29. Nxa5 Rxd6 30. g3 Nh3+ 31. Kg2 Ng5 32. h4 Nxf3 33. Rxf3
Ra8 34. Be4 Rxa5 35. Bxd5 exd5 36. Ref1 Rd7 37. Rf4 d4 38. Rd1 Rxa4 39. Rfxd4
1/2-1/2